00592 a2200181 4500260001000000100002200010260002300032260003500055260002600090245016700116300001800283650002000301260000900321300000900330130000700339440004600346020001800392 aParis aRAVENNE, Christie bLes éditions ESF bEntreprises Modernes d'Edition bLibrairies Techniques aRechercher et innover en groupe : méthodes à l'usage des cercles de qualité et de groupes de progrès : connaissance du problème : applications pratiques aPag. multiple aSCIENCE HUMAINE c1985 bill. lFr aFormation Permanente en Sciences Humaines a2.7111.0598.9